| 000 | 01579nam a2200373Ia 4500 | ||
|---|---|---|---|
| 001 | ebr10069888 | ||
| 003 | CaPaEBR | ||
| 006 | m u | ||
| 007 | cr cn||||||||| | ||
| 008 | 020314s2003 enka sb 001 0 eng d | ||
| 010 | _z 2002023388 | ||
| 020 | _z0521818125 (hardback) | ||
| 040 |
_aCaPaEBR _cCaPaEBR |
||
| 035 | _a(OCoLC)228110961 | ||
| 050 | 1 | 4 |
_aRG218 _b.I57 2003eb |
| 082 | 0 | 4 |
_a618.1 _221 |
| 245 | 0 | 0 |
_aInvestigating reproductive tract infections and other gynaecological disorders _h[electronic resource] : _ba multidisciplinary research approach / _cedited by Shireen Jejeebhoy, Michael Koenig, and Christopher Elias. |
| 246 | 1 | 4 | _aReproductive tract infections and other gynaecological disorders |
| 260 |
_aCambridge, UK. ; _aNew York : _bCambridge University Press, _c2003. |
||
| 300 |
_axvi, 466 p. : _bill. |
||
| 504 | _aIncludes bibliographical references and index. | ||
| 533 |
_aElectronic reproduction. _bPalo Alto, Calif. : _cebrary, _d2009. _nAvailable via World Wide Web. _nAccess may be limited to ebrary affiliated libraries. |
||
| 650 | 0 |
_aGenerative organs, Female _xInfections. |
|
| 650 | 0 | _aSexually transmitted diseases. | |
| 650 | 0 | _aReproductive health. | |
| 650 | 0 |
_aWomen _xDiseases. |
|
| 650 | 0 | _aGynecology. | |
| 655 | 7 |
_aElectronic books. _2local |
|
| 700 | 1 | _aJejeebhoy, Shireen J. | |
| 700 | 1 | _aKoenig, Michael Alan. | |
| 700 | 1 | _aElias, Christopher. | |
| 710 | 2 | _aebrary, Inc. | |
| 856 | 4 | 0 |
_uhttp://site.ebrary.com/lib/rucke/Doc?id=10069888 _zAn electronic book accessible through the World Wide Web; click to view |
| 999 |
_c42536 _d42536 |
||